000 00667nam a2200265Ia 4500
005 20260121165813.0
008 008 260114s9999 xx 000 0 eng d
020 _a9783319218823
037 _aEBOOK
040 _aCRL
040 _beng
040 _cCRL
041 _2eng
041 _aeng
084 _qCRL
100 _aGuido Walter Pettinari
_91056236
245 4 _aThe Intrinsic Bispectrum of the Cosmic Microwave Background
260 _bSpringer
260 _bSpringer
260 _c2016
856 _uhttps://link.springer.com/openurl?genre=book&isbn=978-3-319-21882-3
942 _cEBOOK
999 _c1621964
_d1621964